[Event "Bundesliga 2425"]
[Site "Germany"]
[Date "2025.04.27"]
[Round "15.6"]
[White "Wachinger, Nikolas"]
[Black "Bischoff, Klaus"]
[Result "1/2-1/2"]
[WhiteElo "2442"]
[BlackElo "2445"]
[PlyCount "148"]
[EventDate "2024.09.28"]
[EventType "team-tourn"]
[EventRounds "15"]
[EventCountry "GER"]
[SourceTitle "CB18_2025"]
[SourceDate "2025.04.30"]
[SourceVersion "1"]
[SourceVersionDate "2025.04.30"]
[SourceQuality "1"]
[WhiteTeam "Werder Bremen"]
[BlackTeam "Bayern Muenchen"]
[WhiteTeamCountry "GER"]
[BlackTeamCountry "GER"]

1. e4 c5 2. Nf3 d6 3. Bb5+ Bd7 4. Bxd7+ Nxd7 5. 0-0 Ngf6 6. Qe2 e6 7. b3 Be7 8. c4 0-0 9. Bb2 a6 10. d4 cxd4 11. Nxd4 Qb6 12. Rd1 Qc5 13. Nc3 Qh5 14. Qe3 Rfe8 15. h3 Bf8 16. Ba3 Rac8 17. Nde2 Rc6 18. Bb4 Rb6 19. Ng3 Qh6 20. Qxh6 gxh6 21. Ba3 Rc6 22. Nge2 h5 23. h4 Nc5 24. f3 Rb8 25. Bb4 Be7 26. g3 Ncd7 27. Rd2 Kf8 28. Rad1 Nc5 29. Kf2 Ke8 30. Ke3 Bf8 31. Kf2 b6 32. Rc2 Ncd7 33. a4 Nc5 34. Rb2 Bg7 35. Rbb1 Nfd7 36. Nf4 Bxc3 37. Bxc3 b5 38. axb5 axb5 39. Nxh5 bxc4 40. bxc4 Rxb1 41. Rxb1 Nd3+ 42. Ke2 N3e5 43. Bxe5 dxe5 44. Kd3 Ra6 45. Kc3 Ke7 46. g4 h6 47. g5 hxg5 48. hxg5 Kd6 49. Kd2 Ra2+ 50. Ke3 Rh2 51. Rd1+ Ke7 52. Nf6 Nxf6 53. gxf6+ Kxf6 54. Rd2 Rh1 55. Kd3 Ke7 56. Kc3 Rh3 57. Rd3 f5 58. c5 Kf6 59. c6 Rh8 60. Rd6 Rc8 61. Kc4 Ra8 62. Kb5 fxe4 63. fxe4 Kg5 64. c7 Rc8 65. Kc6 Kf4 66. Kb7 Rxc7+ 67. Kxc7 Kxe4 68. Rd1 Kf3 69. Kd6 e4 70. Ke5 e3 71. Rd3 Kf2 72. Kxe6 e2 73. Rd2 Ke3 74. Rxe2+ Kxe2 1/2-1/2

[Event "Bundesliga 2425"]
[Site "Germany"]
[Date "2025.04.25"]
[Round "13.6"]
[White "Sawatzki, Frank"]
[Black "Wachinger, Nikolas"]
[Result "1/2-1/2"]
[WhiteElo "2354"]
[BlackElo "2442"]
[PlyCount "72"]
[EventDate "2024.09.28"]
[EventType "team-tourn"]
[EventRounds "15"]
[EventCountry "GER"]
[SourceTitle "CB18_2025"]
[SourceDate "2025.04.30"]
[SourceVersion "1"]
[SourceVersionDate "2025.04.30"]
[SourceQuality "1"]
[WhiteTeam "St Pauli"]
[BlackTeam "Werder Bremen"]
[WhiteTeamCountry "GER"]
[BlackTeamCountry "GER"]

1. e4 c5 2. Nf3 d6 3. Bb5+ Nd7 4. d4 cxd4 5. Qxd4 a6 6. Be2 e5 7. Qe3 Ngf6 8. Nc3 Be7 9. a4 Nc5 10. 0-0 0-0 11. Rd1 Bd7 12. b4 Ne6 13. a5 Rc8 14. Bb2 Qc7 15. g3 Nd8 16. Rab1 Nc6 17. Ba1 Bg4 18. Nd5 Nxd5 19. exd5 Bxf3 20. Qxf3 Nd4 21. Bxd4 exd4 22. Bd3 g6 23. Re1 Kg7 24. b5 axb5 25. Rxb5 Ra8 26. Reb1 Rfb8 27. Qe4 Bf6 28. Qe1 Bd8 29. Qe4 Rxa5 30. Qxd4+ Bf6 31. Qb6 Qxb6 32. Rxb6 Rxd5 33. Rxb7 Rxb7 34. Rxb7 Rc5 35. Kg2 h5 36. h4 d5 1/2-1/2

[Event "Prague Gambit 1st"]
[Site "Prague"]
[Date "2025.03.11"]
[Round "6"]
[White "Levin, Guy"]
[Black "Wachinger, Nikolas"]
[Result "1-0"]
[WhiteElo "2450"]
[BlackElo "2453"]
[PlyCount "59"]
[EventDate "2025.03.08"]
[EventType "tourn"]
[EventRounds "9"]
[EventCountry "CZE"]
[EventCategory "7"]
[SourceTitle "CB12_2025"]
[SourceDate "2025.03.19"]
[SourceVersion "1"]
[SourceVersionDate "2025.03.19"]
[SourceQuality "1"]

1. Nf3 Nf6 2. d4 d5 3. c4 e6 4. Nc3 Bb4 5. Qa4+ Nc6 6. e3 0-0 7. Bd2 dxc4 8. Bxc4 Bd6 9. Qc2 e5 10. dxe5 Nxe5 11. Nxe5 Bxe5 12. f4 Bxc3 13. Bxc3 Ng4 14. Bd4 c5 15. Bxc5 Re8 16. Qe2 Qc7 17. Bd4 Nxe3 18. Bxe3 Bg4 19. Qxg4 Rxe3+ 20. Kf2 Qc5 21. Bxf7+ Kxf7 22. Rhd1 Rae8 23. Kf1 Qb5+ 24. Kg1 Qxb2 25. Rab1 Qc3 26. Rxb7+ Kg8 27. h3 Rg3 28. Qe6+ Rxe6 29. Rd8+ Re8 30. Rxe8# 1-0

[Event "Bundesliga 2425"]
[Site "Germany"]
[Date "2025.02.22"]
[Round "9.1"]
[White "Wachinger, Nikolas"]
[Black "Stevic, Hrvoje"]
[Result "1/2-1/2"]
[WhiteElo "2442"]
[BlackElo "2531"]
[PlyCount "66"]
[EventDate "2024.09.28"]
[EventType "team-tourn"]
[EventRounds "15"]
[EventCountry "GER"]
[SourceTitle "CB09_2025"]
[SourceDate "2025.02.27"]
[SourceVersion "1"]
[SourceVersionDate "2025.02.27"]
[SourceQuality "1"]
[WhiteTeam "Werder Bremen"]
[BlackTeam "Kirchweyhe"]
[WhiteTeamCountry "GER"]
[BlackTeamCountry "GER"]

1. e4 e5 2. Nf3 Nf6 3. Nxe5 d6 4. Nf3 Nxe4 5. d4 d5 6. Bd3 Bf5 7. 0-0 Be7 8. Ne5 f6 9. Ng4 Nd6 10. Bf4 Bxd3 11. Qxd3 c6 12. Nd2 0-0 13. c4 Nxc4 14. Nxc4 dxc4 15. Qxc4+ Qd5 16. Qd3 Rd8 17. Ne3 Qf7 18. Rfe1 Bb4 19. Red1 Bd6 20. Bxd6 Rxd6 21. d5 Na6 22. Qa3 Rad8 23. dxc6 Rxd1+ 24. Rxd1 Rxd1+ 25. Nxd1 Qd5 26. Qa4 Qxc6 27. Qxc6 bxc6 28. Kf1 Kf7 29. Ke2 Ke6 30. Ne3 f5 31. f3 f4 32. Nc2 Kd5 33. Kd2 c5 1/2-1/2

[Event "Bundesliga 2425"]
[Site "Germany"]
[Date "2025.02.01"]
[Round "7.6"]
[White "Costa, Leonardo"]
[Black "Wachinger, Nikolas"]
[Result "1/2-1/2"]
[WhiteElo "2472"]
[BlackElo "2442"]
[PlyCount "89"]
[EventDate "2024.09.28"]
[EventType "team-tourn"]
[EventRounds "15"]
[EventCountry "GER"]
[SourceTitle "CB06_2025"]
[SourceDate "2025.02.05"]
[SourceVersion "1"]
[SourceVersionDate "2025.02.05"]
[SourceQuality "1"]
[WhiteTeam "Hamburger SK"]
[BlackTeam "Werder Bremen"]
[WhiteTeamCountry "GER"]
[BlackTeamCountry "GER"]

1. e4 c5 2. Nf3 d6 3. d4 cxd4 4. Nxd4 Nf6 5. Nc3 a6 6. Bd3 e5 7. Nde2 Be7 8. 0-0 0-0 9. Ng3 Be6 10. Nd5 Nxd5 11. exd5 Bxd5 12. Bxh7+ Kxh7 13. Qxd5 Nc6 14. Nf5 Qd7 15. Qe4 g6 16. Nxe7 Nxe7 17. Rd1 f6 18. b3 d5 19. Qh4+ Kg8 20. Ba3 Rae8 21. Qh6 Qf5 22. Rd3 e4 23. Rh3 Kf7 24. Qd2 Rh8 25. Rxh8 Rxh8 26. Rd1 Qe5 27. h3 Rd8 28. Bxe7 Qxe7 29. Qh6 Qf8 30. Qh4 Kg7 31. Qf4 Qd6 32. Qe3 Qc7 33. c3 Qe7 34. Rd4 Qe5 35. c4 Kf7 36. g3 f5 37. Kg2 Rd6 38. h4 dxc4 39. Rxc4 Rd7 40. Rc5 Qa1 41. Qh6 Rd1 42. Qh7+ Kf6 43. Qh8+ Ke6 44. Qc8+ Kf6 45. Qf8+ 1/2-1/2

[Event "Bundesliga 2425"]
[Site "Germany"]
[Date "2025.01.11"]
[Round "5.8"]
[White "Wachinger, Nikolas"]
[Black "Bologan, Viktor"]
[Result "0-1"]
[WhiteElo "2442"]
[BlackElo "2598"]
[PlyCount "60"]
[EventDate "2024.09.28"]
[EventType "team-tourn"]
[EventRounds "15"]
[EventCountry "GER"]
[SourceTitle "CB06_2025"]
[SourceDate "2025.02.05"]
[SourceVersion "1"]
[SourceVersionDate "2025.02.05"]
[SourceQuality "1"]
[WhiteTeam "Werder Bremen"]
[BlackTeam "Duesseldorf"]
[WhiteTeamCountry "GER"]
[BlackTeamCountry "GER"]

1. e4 e5 2. Nf3 Nc6 3. Bb5 a6 4. Ba4 b5 5. Bb3 Na5 6. 0-0 d6 7. d4 exd4 8. Nxd4 Bb7 9. Bd2 Nxb3 10. Nxb3 Nf6 11. Na5 Qc8 12. Re1 Be7 13. c4 0-0 14. Nc3 Re8 15. Qb3 Rb8 16. a4 bxc4 17. Qxc4 Ba8 18. b4 c6 19. Rab1 d5 20. exd5 cxd5 21. Qd4 Bd6 22. h3 Rxe1+ 23. Bxe1 Qe8 24. b5 Be5 25. Qc5 Rc8 26. Qb4 d4 27. Ne2 d3 28. Ng3 Bxg3 29. fxg3 Rc2 30. Nc6 Qe2 0-1

[Event "Bremen Silvester op-A"]
[Site "Bremen"]
[Date "2024.12.29"]
[Round "5"]
[White "Wachinger, Nikolas"]
[Black "Kramer, Julian"]
[Result "1/2-1/2"]
[WhiteElo "2441"]
[BlackElo "2480"]
[PlyCount "59"]
[EventDate "2024.12.27"]
[EventType "swiss"]
[EventRounds "7"]
[EventCountry "GER"]
[SourceTitle "CB01_2025"]
[SourceDate "2025.01.01"]
[SourceVersion "1"]
[SourceVersionDate "2025.01.01"]
[SourceQuality "1"]

1. d4 Nf6 2. c4 g6 3. Nc3 d5 4. cxd5 Nxd5 5. Na4 Bg7 6. e4 Nb6 7. Be3 0-0 8. Nf3 Nxa4 9. Qxa4 c5 10. Rd1 Bd7 11. Qa3 cxd4 12. Nxd4 Qc8 13. Be2 Nc6 14. 0-0 Nxd4 15. Bxd4 Bxd4 16. Rxd4 Be6 17. e5 Rd8 18. Rxd8+ Qxd8 19. Bf3 Qc7 20. b3 a5 21. Rc1 Qxe5 22. Qxe7 Qb2 23. Re1 Qd2 24. Rxe6 fxe6 25. Qxe6+ Kg7 26. Qe7+ Kh6 27. Qh4+ Kg7 28. Qe7+ Kh6 29. Qh4+ Kg7 30. Qe7+ 1/2-1/2

[Event "Bundesliga 2425"]
[Site "Germany"]
[Date "2024.10.06"]
[Round "2.6"]
[White "Wachinger, Nikolas"]
[Black "Vlasak, Lukas"]
[Result "1/2-1/2"]
[WhiteElo "2442"]
[BlackElo "2461"]
[PlyCount "48"]
[EventDate "2024.09.28"]
[EventType "team-tourn"]
[EventRounds "15"]
[EventCountry "GER"]
[SourceTitle "EXT 2025"]
[Source "ChessBase"]
[SourceDate "2024.10.14"]
[SourceVersion "1"]
[SourceVersionDate "2024.10.14"]
[SourceQuality "1"]
[WhiteTeam "Werder Bremen"]
[BlackTeam "Bad Mergentheim"]
[WhiteTeamCountry "GER"]
[BlackTeamCountry "GER"]

1. e4 c6 2. d4 d5 3. e5 Bf5 4. Nd2 e6 5. Nb3 c5 6. dxc5 Bxc5 7. Bb5+ Nc6 8. Bxc6+ bxc6 9. Nxc5 Qa5+ 10. c3 Qxc5 11. Ne2 Ne7 12. 0-0 0-0 13. Be3 Qb5 14. b4 Bd3 15. Nd4 Qc4 16. Re1 c5 17. bxc5 h6 18. Qd2 Rac8 19. a4 a6 20. Ra3 Rxc5 21. Rea1 Rcc8 22. Rb3 Bg6 23. Raa3 Nc6 24. Nxc6 Rxc6 1/2-1/2

[Event "Budapest SixDays 09 GM-A"]
[Site "Budapest"]
[Date "2024.09.28"]
[Round "7"]
[White "Wachinger, Nikolas"]
[Black "Berczes, David"]
[Result "1/2-1/2"]
[WhiteElo "2442"]
[BlackElo "2400"]
[PlyCount "77"]
[EventDate "2024.09.24"]
[EventType "tourn"]
[EventRounds "9"]
[EventCountry "HUN"]
[EventCategory "6"]
[SourceTitle "EXT 2025"]
[Source "ChessBase"]
[SourceDate "2024.10.14"]
[SourceVersion "1"]
[SourceVersionDate "2024.10.14"]
[SourceQuality "1"]

1. e4 e5 2. Nf3 Nc6 3. Bb5 a6 4. Ba4 Nf6 5. 0-0 Be7 6. Re1 b5 7. Bb3 0-0 8. h3 Bb7 9. d3 d5 10. exd5 Nxd5 11. Nbd2 Nd4 12. Rxe5 Nxb3 13. Nxb3 Bd6 14. Re1 c5 15. Bd2 Rc8 16. a4 b4 17. Bg5 Qc7 18. Nbd2 Bf4 19. Nc4 f6 20. Bxf4 Nxf4 21. Nh4 Rce8 22. Re3 g5 23. Nf3 Rxe3 24. Nxe3 Re8 25. h4 g4 26. Nd2 h5 27. Ne4 Bxe4 28. dxe4 Rxe4 29. Nd5 Qe5 30. Nxf4 Rxf4 31. Qd8+ Kg7 32. Rd1 Rd4 33. Rxd4 Qe1+ 34. Kh2 Qe5+ 35. g3 Qxd4 36. Qe7+ Kg6 37. Qe8+ Kg7 38. Qe7+ Kg6 39. Qe8+ 1/2-1/2